Analýza zmien charakteristík prietokov na vybraných povodiach Slovenska
Na minha lista:
| Autor principal: | |
|---|---|
| Outros Autores: | |
| Formato: | Manuscrito Livro |
| Idioma: | eslovaco |
| Publicado em: |
2021
|
| Assuntos: | |
| Acesso em linha: | http://is.stuba.sk/zp/portal_zp.pl?podrobnosti=158644 https://opac.crzp.sk/?fn=detailBiblioForm&sid=7E417B54B864B7C45224FE4635AB |
| Tags: |
Sem tags, seja o primeiro a adicionar uma tag!
|
MARC
| LEADER | 00000ntm a22000003a 4500 | ||
|---|---|---|---|
| 001 | stuzp85043 | ||
| 003 | SK-STU | ||
| 005 | 20230515131043.1 | ||
| 007 | ta | ||
| 008 | 150427s2015----xo-----f-mn---000-0-slo-d | ||
| 040 | |a STU |b slo | ||
| 041 | 0 | |a slo | |
| 100 | 1 | |a Skoncová, Dagmara |u 010160 |4 aut |U SvF Stavebná fakulta |T SvF Katedra vodného hospodárstva krajiny |X 81268 |U V160 |Y 16 |7 81268 | |
| 242 | 0 | 1 | |a Analysis of changes in runoff characteristics in selected river basins of Slovakia |y eng |
| 245 | 1 | 0 | |a Analýza zmien charakteristík prietokov na vybraných povodiach Slovenska |
| 260 | |c 2021 | ||
| 650 | 4 | |a povodie rieky Hron |2 slo | |
| 650 | 4 | |a hodnotenie dlhodobých trendov |2 slo | |
| 650 | 4 | |a scenáre KNMI a MPI |2 slo | |
| 650 | 4 | |a povodie rieky Myjava |2 slo | |
| 650 | 4 | |a IHA softvér |2 slo | |
| 650 | 4 | |a štatistická analýza prietokov |2 slo | |
| 650 | 4 | |a Myjava river basin |2 eng | |
| 650 | 4 | |a Hron river basin |2 eng | |
| 650 | 4 | |a statistical analysis of flows |2 eng | |
| 650 | 4 | |a evaluation of long-term trends |2 eng | |
| 650 | 4 | |a KNMI and MPI scenarios |2 eng | |
| 650 | 4 | |a IHA software |2 eng | |
| 700 | 1 | |a Kohnová, Silvia |u 010160 |k Z1 |4 ths |U SvF Stavebná fakulta |T SvF Katedra vodného hospodárstva krajiny |X 2746 |U V160 |Y 16 |7 A000002746 | |
| 856 | 4 | |u http://is.stuba.sk/zp/portal_zp.pl?podrobnosti=158644 | |
| 856 | 4 | |u https://opac.crzp.sk/?fn=detailBiblioForm&sid=7E417B54B864B7C45224FE4635AB | |